00000000nas 2200000zi 4500
0019.862830
003CaOODSP
00520250331173721
006m     o  d f      
007cr cn ||||||||
008181005d20172023oncar p o    f0    0eng|d
040 |aCaOODSP|beng|erda|cCaOODSP
043 |an-cn---
0861 |aT33-34E-PDF
1102 |aFund for Railway Accidents Involving Designated Goods (Canada)|eauthor, |eissuing body.
24514|aThe Administrator's annual report / |cFund for Railway Accidents Involving Designated Goods.
264 1|aOttawa, Ontario, Canada : |bThe Administrator of the Fund for Railway Accidents Involving Designated Goods, |c[2017-2023]
310 |aAnnual
336 |atext|btxt|2rdacontent
337 |acomputer|bc|2rdamedia
338 |aonline resource|bcr|2rdacarrier
3621 |aBegan with: 2016/2017; ceased with: 2022/2023.
500 |aIssued also in French under title: Rapport annuel de l'Administrateur.
500 |a"Annual report to the Minister of Transport."
588 |aDescription based on: 2016/2017; title from PDF title page.
588 |aLatest issue consulted: 2022/2023.
650 0|aLiability for railroad accidents|zCanada|vPeriodicals.
650 0|aOil spills|zCanada|xClaims|vPeriodicals.
655 7|aPeriodicals|2lcgft
7101 |aCanada. |bTransport Canada.
77508|tRapport annuel de l'Administrateur / |w(CaOODSP)9.862834
78500|tAnnual report / |w(CaOODSP)9.945527